LEADER 01746oam 2200517 450 001 9910704601003321 005 20131024134538.0 035 $a(CKB)5470000002441690 035 $a(OCoLC)835661690 035 $a(EXLCZ)995470000002441690 100 $a20130404d2013 ua 0 101 0 $aeng 135 $aurbn||||m|||| 181 $ctxt$2rdacontent 182 $cc$2rdamedia 183 $acr$2rdacarrier 200 10$aTwo years later $ethe ongoing detentions of Nobel Peace Prize laureate Liu Xiaobo and his wife Liu Xia : hearing before the Congressional-Executive Commission on China, One Hundred Twelfth Congress, second session, December 12, 2012 210 1$aWashington :$cU.S. Government Printing Office,$d2013. 215 $a1 online resource (iii, 37 pages) 300 $aTitle from title screen (viewed Apr. 4, 2013). 300 $aPaper version available for sale by the Superintendent of Documents, U.S. Government Printing Office. 517 $aTwo years later 606 $aPolitical prisoners$zChina 606 $aDissenters$zChina 606 $aNobel Prize winners$zChina 606 $aPeace$xAwards 606 $aHuman rights$zChina 606 $aProtest movements$zChina 606 $aPolitical persecution$zChina 606 $aDemocratization$zChina 615 0$aPolitical prisoners 615 0$aDissenters 615 0$aNobel Prize winners 615 0$aPeace$xAwards. 615 0$aHuman rights 615 0$aProtest movements 615 0$aPolitical persecution 615 0$aDemocratization 801 0$bGPO 801 1$bGPO 801 2$bOCLCQ 801 2$bGPO 906 $aBOOK 912 $a9910704601003321 996 $aTwo years later$93484291 997 $aUNINA